000 00508nam a2200169Ia 4500
008 140609s9999 xx 000 0 und d
020 _a9789710723867
050 _aHQ 766.5P6
_b.P179 2006
100 _aPalmones, Angelo B.
245 _a100 ulat sa family planning /
_cAngelo B. Palmones
260 _aQuezon City, Philippines :
_bVibal Pub. House, Inc.,
_cc2006.
300 _a118 p. :
_bill. ;
_c23 cm.
521 _aGE
650 _aTagalog language materials.
942 _kLOC
_cBK
999 _c118170
_d118170